000 00500nam a2200181Ia 4500
001 17406
005 20260306171515.0
008 260306s9999||||xx |||||||||||||| ||und||
041 _aESP
082 _a657.869
_bR23
100 _aRámirez Rámirez, Raúl
_eAUT
245 0 _aContabilidad de empresas constructoras e inmobiliarias:
_brégimen contable, laboral y tributario
260 _c2013
300 _a662 páginas :
_c25 cm.
650 _aGEN
654 _aCCO
942 _cLIB
_dJUS
_fJUS
_2ddc
_n
999 _c17406
_d17406